000
00320 a2200121 4500
000
nam a22 7a 4500
005
20260213121540.0
020
_a
978-1-0353-2952-6
100
_a
Loughlin, Martin
_9
1115619
245
_a
Advanced introduction to political jurisprudence
260
_b
Edward Elgar
_c
2025
942
_c
TB
999
_c
1679556
_d
1679556